00288 a2200097 4500001001000000005001700010008004100027245005600068100002500124773004100149ART_5281220260410161633.0260409a 10aLas nuevas formas de trabajo: su gestión y costos1 aSmolje, Alejandro R.0 tEnfoquesg- N°5 (mayo 2021)wREV416